000 01120nam a2200325 a 4500
001 000003940
003 DO-SdBNP
005 20180321081728.0
007 000003940
008 090715s2002 dr ac 000 0bspa d
020 _a9993476439
040 _aBPMSU
_bspa
_cBPMSU
082 4 _a923.27293
_bB742G, 2002
100 1 _aGutiérrez Féliz, Euclides,
_d1936-
245 1 0 _aJuan Bosch :
_bperfil biográfico /
_cEuclides Gutiérrez Féliz
250 _a2a ed.
260 _aSanto Domingo :
_bTobogán.,
_c2002
300 _a97 p. :
_bil., retrs. ;
_c21 cm.
490 0 _aBiografías dominicanas Tobogán.
500 _aLa biblioteca posee la reimpresión del 2012
505 0 _aEscritor político --
_tEl camino --
_tEl triunfador --
_tEl patriota --
_tEl maestro --
_tLa proceridad.
600 1 4 _aBOSCH, JUAN
_d1909-2001
651 4 _aREPÚBLICA DOMINICANA
_xBIOGRAFÍAS
700 1 2 _aManzano, Ramiro,
_eil.
830 0 _aBiografías dominicanas Tobogán
910 _aValidado. Control de calidad BNPHU
942 _2ddc
_cBK
945 _aInventariado / 2018 VM
956 _aVMATEO
_b10
_c20130620
_lBPMSU
_h0069
999 _c7398
_d7398